Physics for applied biologists (Record no. 27062)

MARC details
000 -LEADER
fixed length control field 00296nam a2200121Ia 4500
082 ## - DEWEY DECIMAL CLASSIFICATION NUMBER
Item number HIL
100 ## - MAIN ENTRY--AUTHOR NAME
Personal name Biggin, H C
245 #0 - TITLE STATEMENT
Title Physics for applied biologists
260 ## - PUBLICATION, DISTRIBUTION, ETC. (IMPRINT)
Place of publication London
Name of publisher Edward Arnold
Year of publication 1977
700 ## - ADDED ENTRY--PERSONAL NAME
Personal name Hilyard, N C
942 ## - ADDED ENTRY ELEMENTS (KOHA)
Koha item type Books
Holdings
Withdrawn status Lost status Damaged status Not for loan Home library Current library Date acquired Cost, normal purchase price Full call number Accession Number Koha item type
        RRII Library RRII Library 16/12/2021 4.95 HIL 07693 Books